[Event "Blitz 2018"]
[Site "Saint-Petersburg"]
[Date "2018.12.29"]
[Round "5"]
[Board "45"]
[White "Anikonov Dmitry (RUS)"]
[Black "Amin Bassem (EGY)"]
[Result "0-1"]
[LiveChessVersion "1.4.8"]
[BlackElo "2659"]
[WhiteElo "2511"]

1. d4 {[%clk 0:03:03]} e6 {[%clk 0:03:02]} 2. c4 {[%clk 0:03:04]} f5
{[%clk 0:03:03]} 3. g3 {[%clk 0:03:04]} Nf6 {[%clk 0:03:05]} 4. Bg2
{[%clk 0:03:05]} Be7 {[%clk 0:03:06]} 5. Qc2 {[%clk 0:02:59]} O-O
{[%clk 0:03:06]} 6. Nf3 {[%clk 0:02:58]} d6 {[%clk 0:03:06]} 7. b3
{[%clk 0:02:56]} Qe8 {[%clk 0:03:06]} 8. Bb2 {[%clk 0:02:56]} Nc6
{[%clk 0:03:02]} 9. O-O {[%clk 0:02:56]} Qh5 {[%clk 0:02:57]} 10. Nbd2
{[%clk 0:02:54]} Bd7 {[%clk 0:02:33]} 11. Rae1 {[%clk 0:02:54]} Rae8
{[%clk 0:02:23]} 12. a3 {[%clk 0:02:55]} Bd8 {[%clk 0:02:21]} 13. e4
{[%clk 0:02:47]} e5 {[%clk 0:02:23]} 14. dxe5 {[%clk 0:02:40]} dxe5
{[%clk 0:02:22]} 15. b4 {[%clk 0:02:30]} f4 {[%clk 0:01:44]} 16. b5
{[%clk 0:02:25]} Nb8 {[%clk 0:01:45]} 17. c5 {[%clk 0:02:14]} Bg4
{[%clk 0:01:35]} 18. Qb3+ {[%clk 0:02:04]} Kh8 {[%clk 0:01:30]} 19. Nc4
{[%clk 0:02:03]} Nbd7 {[%clk 0:01:22]} 20. Qc3 {[%clk 0:01:44]} Nxc5
{[%clk 0:01:13]} 21. Nfxe5 {[%clk 0:01:40]} Na4 {[%clk 0:01:12]} 22. Qb3
{[%clk 0:01:07]} Nxb2 {[%clk 0:01:11]} 23. Qxb2 {[%clk 0:01:08]} fxg3
{[%clk 0:00:54]} 24. hxg3 {[%clk 0:00:59]} Bh3 {[%clk 0:00:52]} 25. Qe2
{[%clk 0:00:50]} Bg4 {[%clk 0:00:39]} 26. f3 {[%clk 0:00:42]} Be6
{[%clk 0:00:27]} 27. f4 {[%clk 0:00:36]} Qh6 {[%clk 0:00:14]} 28. Ne3
{[%clk 0:00:32]} Be7 {[%clk 0:00:14]} 29. Qc2 {[%clk 0:00:23]} Bd6
{[%clk 0:00:13]} 30. N5c4 {[%clk 0:00:20]} Bc5 {[%clk 0:00:13]} 31. Ne5
{[%clk 0:00:09]} b6 {[%clk 0:00:15]} 32. Nd3 {[%clk 0:00:09]} Ng4
{[%clk 0:00:16]} 33. Bf3 {[%clk 0:00:06]} Nxe3 {[%clk 0:00:16]} 34. Rxe3
{[%clk 0:00:07]} Bxe3+ 35. Kg2 Qh3# {[%clk 0:00:18]} 0-1

[Event "Blitz 2018"]
[Site "Saint-Petersburg"]
[Date "2018.12.29"]
[Round "5"]
[Board "46"]
[White "Seliverstov Vladimir (RUS)"]
[Black "Amonatov Farrukh (TJK)"]
[Result "0-1"]
[LiveChessVersion "1.4.8"]
[BlackElo "2656"]
[WhiteElo "2512"]

1. c4 {[%clk 0:03:02]} Nf6 {[%clk 0:03:03]} 2. g3 {[%clk 0:03:03]} g6
{[%clk 0:03:04]} 3. Bg2 {[%clk 0:03:04]} Bg7 {[%clk 0:03:06]} 4. Nc3
{[%clk 0:03:03]} O-O {[%clk 0:03:06]} 5. Nf3 {[%clk 0:03:04]} d6 {[%clk 0:03:07]}
6. O-O {[%clk 0:03:04]} e5 {[%clk 0:03:08]} 7. d4 {[%clk 0:03:04]} Nbd7
{[%clk 0:03:08]} 8. h3 {[%clk 0:03:02]} c6 {[%clk 0:03:05]} 9. Qc2
{[%clk 0:03:01]} a6 {[%clk 0:03:02]} 10. Rd1 {[%clk 0:02:57]} Qe7
{[%clk 0:03:03]} 11. e4 {[%clk 0:02:49]} Re8 {[%clk 0:02:52]} 12. Be3
{[%clk 0:02:47]} exd4 {[%clk 0:02:48]} 13. Nxd4 {[%clk 0:02:48]} Nc5
{[%clk 0:02:49]} 14. Re1 {[%clk 0:02:38]} a5 {[%clk 0:02:51]} 15. Rad1
{[%clk 0:02:37]} Nfd7 {[%clk 0:02:51]} 16. b3 {[%clk 0:02:27]} h5
{[%clk 0:02:50]} 17. Qd2 {[%clk 0:02:18]} Ne5 {[%clk 0:02:45]} 18. Bg5
{[%clk 0:01:54]} Qc7 {[%clk 0:02:26]} 19. Bh6 {[%clk 0:01:49]} Bh8
{[%clk 0:02:20]} 20. Re3 {[%clk 0:01:47]} Qb6 {[%clk 0:02:16]} 21. f4
{[%clk 0:01:32]} Ned7 {[%clk 0:02:12]} 22. Kh1 {[%clk 0:01:29]} a4
{[%clk 0:02:13]} 23. Rb1 {[%clk 0:01:16]} axb3 {[%clk 0:02:13]} 24. axb3
{[%clk 0:01:15]} Ra3 {[%clk 0:01:42]} 25. Nce2 {[%clk 0:00:56]} Nf6
{[%clk 0:01:18]} 26. Qc2 {[%clk 0:00:42]} Qa7 {[%clk 0:01:10]} 27. f5
{[%clk 0:00:42]} Ra2 {[%clk 0:01:10]} 28. Qd1 {[%clk 0:00:36]} Ncxe4
{[%clk 0:01:09]} 29. Qe1 {[%clk 0:00:25]} gxf5 {[%clk 0:01:03]} 30. Rd1
{[%clk 0:00:19]} d5 {[%clk 0:00:58]} 31. Nf4 {[%clk 0:00:16]} Nf2+
{[%clk 0:00:58]} 32. Kh2 {[%clk 0:00:15]} Rxe3 {[%clk 0:00:54]} 33. Qxe3
{[%clk 0:00:16]} N6g4+ {[%clk 0:00:55]} 0-1

[Event "Blitz 2018"]
[Site "Saint-Petersburg"]
[Date "2018.12.29"]
[Round "5"]
[Board "47"]
[White "Sargissian Gabriel (ARM)"]
[Black "Yilmaz Mustafa (TUR)"]
[Result "1-0"]
[LiveChessVersion "1.4.8"]
[BlackElo "2515"]
[WhiteElo "2651"]

1. d4 {[%clk 0:03:03]} Nf6 {[%clk 0:03:03]} 2. Nf3 {[%clk 0:03:04]} e6 3. c4 c5
{[%clk 0:03:06]} 4. e3 {[%clk 0:02:50]} a6 {[%clk 0:03:05]} 5. Nc3
{[%clk 0:02:42]} d5 {[%clk 0:03:06]} 6. cxd5 {[%clk 0:02:41]} exd5
{[%clk 0:03:05]} 7. Be2 {[%clk 0:02:42]} Nc6 {[%clk 0:02:49]} 8. O-O
{[%clk 0:02:41]} Bg4 {[%clk 0:02:21]} 9. h3 {[%clk 0:02:35]} Bh5 {[%clk 0:02:21]}
10. b3 {[%clk 0:02:13]} Bd6 {[%clk 0:02:21]} 11. dxc5 {[%clk 0:02:11]} Bxc5
{[%clk 0:02:22]} 12. Bb2 {[%clk 0:02:12]} O-O {[%clk 0:02:22]} 13. Nh4
{[%clk 0:02:12]} Bxe2 {[%clk 0:01:38]} 14. Nxe2 {[%clk 0:02:13]} Re8
{[%clk 0:01:39]} 15. Nf3 {[%clk 0:02:13]} Ne4 {[%clk 0:01:37]} 16. Ned4
{[%clk 0:02:07]} Rc8 {[%clk 0:01:37]} 17. Rc1 {[%clk 0:02:07]} Ba7
{[%clk 0:01:26]} 18. Qd3 {[%clk 0:01:59]} Nb4 {[%clk 0:01:06]} 19. Qb1
{[%clk 0:01:57]} Nc6 {[%clk 0:01:05]} 20. Rfd1 {[%clk 0:01:34]} Qd7
{[%clk 0:01:06]} 21. Nxc6 {[%clk 0:01:11]} bxc6 {[%clk 0:01:02]} 22. Bd4
{[%clk 0:01:10]} c5 {[%clk 0:00:54]} 23. Bb2 {[%clk 0:01:10]} Qe6
{[%clk 0:00:46]} 24. Qd3 {[%clk 0:01:07]} Red8 {[%clk 0:00:39]} 25. Qe2
{[%clk 0:01:03]} h6 {[%clk 0:00:40]} 26. Ne5 {[%clk 0:00:55]} Re8
{[%clk 0:00:39]} 27. Nd3 {[%clk 0:00:55]} Bb8 {[%clk 0:00:38]} 28. Qf3
{[%clk 0:00:52]} c4 {[%clk 0:00:38]} 29. Nf4 {[%clk 0:00:38]} Bxf4
{[%clk 0:00:38]} 30. Qxf4 {[%clk 0:00:39]} c3 {[%clk 0:00:27]} 31. Ba1
{[%clk 0:00:40]} Rc6 {[%clk 0:00:28]} 32. Rd4 {[%clk 0:00:37]} c2
{[%clk 0:00:21]} 33. Qg4 {[%clk 0:00:35]} Qxg4 {[%clk 0:00:08]} 34. hxg4
{[%clk 0:00:36]} Rec8 {[%clk 0:00:06]} 35. Rxd5 {[%clk 0:00:31]} f6
{[%clk 0:00:07]} 36. Rd4 {[%clk 0:00:26]} Nd6 {[%clk 0:00:07]} 37. Bb2
{[%clk 0:00:26]} Nb5 {[%clk 0:00:07]} 38. Rd2 {[%clk 0:00:27]} a5
{[%clk 0:00:09]} 39. Kf1 {[%clk 0:00:27]} Nd6 {[%clk 0:00:09]} 40. Ke2
{[%clk 0:00:26]} Ne4 {[%clk 0:00:10]} 41. Rd4 {[%clk 0:00:26]} Nd6
{[%clk 0:00:08]} 42. Kd2 {[%clk 0:00:23]} Nb5 {[%clk 0:00:09]} 43. Rd3
{[%clk 0:00:19]} Rc5 {[%clk 0:00:09]} 44. f3 {[%clk 0:00:19]} R8c7
{[%clk 0:00:08]} 45. a4 {[%clk 0:00:19]} Na7 {[%clk 0:00:09]} 46. Bd4
{[%clk 0:00:19]} Rg5 {[%clk 0:00:07]} 47. Rxc2 {[%clk 0:00:17]} Rxc2+
{[%clk 0:00:07]} 48. Kxc2 {[%clk 0:00:19]} Nc6 {[%clk 0:00:08]} 49. Bc3
{[%clk 0:00:17]} h5 {[%clk 0:00:06]} 50. Rd6 {[%clk 0:00:12]} Ne7
{[%clk 0:00:07]} 51. gxh5 {[%clk 0:00:07]} Nf5 {[%clk 0:00:07]} 52. Rd8+
{[%clk 0:00:08]} Kf7 {[%clk 0:00:08]} 53. e4 {[%clk 0:00:09]} Ne3+
{[%clk 0:00:08]} 54. Kd3 {[%clk 0:00:10]} Nxg2 {[%clk 0:00:09]} 55. Bd2
{[%clk 0:00:11]} Rxh5 {[%clk 0:00:10]} 56. Rd5 {[%clk 0:00:12]} Rh3
{[%clk 0:00:09]} 57. Rxa5 {[%clk 0:00:11]} Rxf3+ {[%clk 0:00:09]} 58. Kc2
{[%clk 0:00:12]} g5 {[%clk 0:00:09]} 59. Ra7+ {[%clk 0:00:11]} Kg6
{[%clk 0:00:10]} 60. Ra8 {[%clk 0:00:12]} Kf7 {[%clk 0:00:10]} 61. a5
{[%clk 0:00:12]} Ne3+ {[%clk 0:00:06]} 62. Bxe3 {[%clk 0:00:10]} Rxe3
{[%clk 0:00:07]} 63. a6 {[%clk 0:00:11]} Re2+ {[%clk 0:00:08]} 64. Kd3
{[%clk 0:00:08]} Ra2 {[%clk 0:00:09]} 65. b4 {[%clk 0:00:10]} g4 {[%clk 0:00:10]}
66. b5 {[%clk 0:00:08]} g3 {[%clk 0:00:12]} 67. Rc8 {[%clk 0:00:09]} g2
{[%clk 0:00:11]} 68. Rc1 {[%clk 0:00:10]} Ra5 {[%clk 0:00:10]} 69. Kc4
{[%clk 0:00:11]} Ke6 {[%clk 0:00:09]} 70. Rg1 {[%clk 0:00:11]} Ra2
{[%clk 0:00:10]} 71. Kc5 {[%clk 0:00:11]} Kd7 {[%clk 0:00:10]} 72. Kb6
{[%clk 0:00:12]} Kc8 {[%clk 0:00:07]} 73. Ka7 {[%clk 0:00:12]} Kc7
{[%clk 0:00:04]} 74. b6+ {[%clk 0:00:13]} Kc6 {[%clk 0:00:05]} 75. b7
{[%clk 0:00:14]} Kd5 1-0

[Event "Blitz 2018"]
[Site "Saint-Petersburg"]
[Date "2018.12.29"]
[Round "5"]
[Board "49"]
[White "Zablotsky Sergei (RUS)"]
[Black "Christiansen Johan-Sebastian (NOR)"]
[Result "1-0"]
[LiveChessVersion "1.4.8"]
[BlackElo "2635"]
[WhiteElo "2459"]

1. Nf3 {[%clk 0:03:03]} d5 {[%clk 0:03:04]} 2. g3 {[%clk 0:03:03]} Nd7
{[%clk 0:03:03]} 3. d4 {[%clk 0:02:58]} b5 {[%clk 0:03:04]} 4. Bg2
{[%clk 0:02:58]} Bb7 {[%clk 0:03:06]} 5. O-O {[%clk 0:02:57]} e6 {[%clk 0:03:07]}
6. a4 {[%clk 0:02:57]} b4 {[%clk 0:03:08]} 7. c4 {[%clk 0:02:57]} bxc3
{[%clk 0:03:06]} 8. bxc3 {[%clk 0:02:51]} Ngf6 {[%clk 0:03:04]} 9. c4
{[%clk 0:02:50]} dxc4 {[%clk 0:02:45]} 10. Na3 {[%clk 0:02:51]} c5
{[%clk 0:02:15]} 11. Nxc4 {[%clk 0:02:42]} cxd4 {[%clk 0:02:01]} 12. Bf4
{[%clk 0:02:34]} Nc5 {[%clk 0:01:56]} 13. Qxd4 {[%clk 0:02:13]} Nd5
{[%clk 0:01:50]} 14. Rab1 {[%clk 0:01:57]} f6 {[%clk 0:00:44]} 15. Rfd1
{[%clk 0:01:58]} Be7 {[%clk 0:00:37]} 16. Bh3 {[%clk 0:01:12]} O-O
{[%clk 0:00:15]} 17. Rxb7 {[%clk 0:01:10]} Nxf4 {[%clk 0:00:16]} 18. gxf4
{[%clk 0:00:55]} Nxb7 {[%clk 0:00:15]} 19. Bxe6+ {[%clk 0:00:54]} Kh8
{[%clk 0:00:17]} 20. Bd5 {[%clk 0:00:55]} Rb8 {[%clk 0:00:15]} 21. Qxa7
{[%clk 0:00:55]} Nc5 {[%clk 0:00:12]} 22. Ne3 {[%clk 0:00:54]} Qc8
{[%clk 0:00:09]} 23. Qxe7 {[%clk 0:00:53]} Nxa4 {[%clk 0:00:10]} 24. Be6
{[%clk 0:00:49]} Qe8 {[%clk 0:00:07]} 25. Qxe8 {[%clk 0:00:46]} Rfxe8 26. Bd7
{[%clk 0:00:47]} Red8 {[%clk 0:00:10]} 27. Bxa4 {[%clk 0:00:48]} Rdc8
{[%clk 0:00:06]} 28. Bd7 {[%clk 0:00:48]} Rd8 {[%clk 0:00:06]} 29. Rd3
{[%clk 0:00:47]} Rb4 {[%clk 0:00:05]} 30. f5 {[%clk 0:00:46]} h6 {[%clk 0:00:05]}
31. Be6 {[%clk 0:00:46]} Ra8 {[%clk 0:00:06]} 32. Kg2 {[%clk 0:00:47]} Kh7
{[%clk 0:00:07]} 33. h3 {[%clk 0:00:47]} Rf4 {[%clk 0:00:07]} 34. Kg3 Rb4 35. Rd7
{[%clk 0:00:45]} Rb2 {[%clk 0:00:09]} 36. Nd5 {[%clk 0:00:43]} Kh8
{[%clk 0:00:09]} 37. Nf4 {[%clk 0:00:44]} Rb4 {[%clk 0:00:05]} 38. Nh5
{[%clk 0:00:40]} Ra1 {[%clk 0:00:06]} 39. Rd8+ {[%clk 0:00:37]} Kh7
{[%clk 0:00:07]} 40. Bg8+ {[%clk 0:00:37]} Kh8 {[%clk 0:00:09]} 41. Bf7+
{[%clk 0:00:39]} Kh7 {[%clk 0:00:10]} 42. Bg6# {[%clk 0:00:40]} 1-0

[Event "Blitz 2018"]
[Site "Saint-Petersburg"]
[Date "2018.12.29"]
[Round "5"]
[Board "50"]
[White "Anton Guijarro David (ESP)"]
[Black "Anisimov Pavel (RUS)"]
[Result "1/2-1/2"]
[LiveChessVersion "1.4.8"]
[BlackElo "2519"]
[WhiteElo "2631"]

1. Nf3 {[%clk 0:03:02]} Nf6 {[%clk 0:03:02]} 2. b3 {[%clk 0:03:03]} g6
{[%clk 0:02:53]} 3. Bb2 {[%clk 0:03:04]} Bg7 {[%clk 0:02:54]} 4. g3
{[%clk 0:03:04]} O-O {[%clk 0:02:48]} 5. Bg2 {[%clk 0:03:05]} c5 {[%clk 0:02:39]}
6. c4 {[%clk 0:03:05]} Nc6 {[%clk 0:02:37]} 7. O-O {[%clk 0:03:05]} d6
{[%clk 0:02:23]} 8. d4 {[%clk 0:03:05]} cxd4 {[%clk 0:02:13]} 9. Nxd4
{[%clk 0:03:05]} Bd7 {[%clk 0:02:12]} 10. Nc3 {[%clk 0:03:03]} a6
{[%clk 0:02:02]} 11. Nxc6 {[%clk 0:02:58]} Bxc6 {[%clk 0:02:02]} 12. Bxc6
{[%clk 0:02:57]} bxc6 {[%clk 0:02:03]} 13. Qd2 {[%clk 0:02:52]} Qc8
{[%clk 0:01:57]} 14. Kg2 {[%clk 0:02:39]} Rd8 {[%clk 0:01:57]} 15. e4
{[%clk 0:02:37]} d5 {[%clk 0:01:35]} 16. cxd5 {[%clk 0:02:06]} cxd5
{[%clk 0:01:34]} 17. e5 {[%clk 0:01:30]} d4 {[%clk 0:01:24]} 18. exf6
{[%clk 0:01:14]} dxc3 {[%clk 0:01:22]} 19. Qxc3 {[%clk 0:01:14]} Bxf6
{[%clk 0:01:02]} 20. Qxc8 {[%clk 0:01:15]} Raxc8 {[%clk 0:01:04]} 21. Bxf6
{[%clk 0:01:15]} exf6 {[%clk 0:01:05]} 22. Rfc1 {[%clk 0:01:07]} Kg7
{[%clk 0:00:41]} 23. b4 {[%clk 0:00:42]} Rxc1 {[%clk 0:00:30]} 24. Rxc1
{[%clk 0:00:42]} Rd2 {[%clk 0:00:30]} 25. a4 {[%clk 0:00:43]} Rb2
{[%clk 0:00:27]} 26. Rc4 {[%clk 0:00:35]} h5 {[%clk 0:00:20]} 27. h4
{[%clk 0:00:35]} g5 {[%clk 0:00:14]} 28. a5 {[%clk 0:00:33]} Rb3 {[%clk 0:00:10]}
29. Kf1 {[%clk 0:00:30]} Rb2 {[%clk 0:00:11]} 30. Ke1 {[%clk 0:00:29]} Kg6
{[%clk 0:00:10]} 31. Kf1 {[%clk 0:00:26]} Kg7 {[%clk 0:00:11]} 32. Kg1
{[%clk 0:00:27]} Kg6 {[%clk 0:00:12]} 33. Kg2 {[%clk 0:00:27]} Rb3
{[%clk 0:00:13]} 34. Kh3 {[%clk 0:00:23]} Rb2 {[%clk 0:00:12]} 35. Kg2
{[%clk 0:00:20]} Rb3 {[%clk 0:00:14]} 36. hxg5 {[%clk 0:00:16]} fxg5
{[%clk 0:00:12]} 37. Rc6+ {[%clk 0:00:17]} f6 {[%clk 0:00:13]} 38. Rxa6
{[%clk 0:00:18]} Rxb4 {[%clk 0:00:14]} 39. Rb6 {[%clk 0:00:16]} Ra4
{[%clk 0:00:15]} 40. a6 {[%clk 0:00:17]} h4 {[%clk 0:00:14]} 41. gxh4
{[%clk 0:00:16]} gxh4 {[%clk 0:00:15]} 42. Kf3 {[%clk 0:00:13]} Kg5
{[%clk 0:00:15]} 43. Kg2 {[%clk 0:00:12]} f5 {[%clk 0:00:15]} 44. Rc6
{[%clk 0:00:10]} Ra3 {[%clk 0:00:16]} 45. Rb6 {[%clk 0:00:10]} Ra4
{[%clk 0:00:17]} 46. Rc6 {[%clk 0:00:07]} 1/2-1/2

[Event "Blitz 2018"]
[Site "Saint-Petersburg"]
[Date "2018.12.29"]
[Round "5"]
[Board "51"]
[White "Motylev Alexander (RUS)"]
[Black "Carlsson Pontus (SWE)"]
[Result "1/2-1/2"]
[LiveChessVersion "1.4.8"]
[BlackElo "2511"]
[WhiteElo "2609"]

1. e4 {[%clk 0:03:02]} c5 {[%clk 0:03:04]} 2. Nc3 {[%clk 0:03:02]} Nc6
{[%clk 0:03:05]} 3. Bb5 {[%clk 0:03:02]} Nd4 {[%clk 0:03:06]} 4. Bc4
{[%clk 0:03:03]} e6 {[%clk 0:03:05]} 5. Nge2 {[%clk 0:03:00]} a6 {[%clk 0:03:06]}
6. a4 {[%clk 0:03:00]} Nf6 {[%clk 0:03:01]} 7. O-O {[%clk 0:02:59]} d5
{[%clk 0:02:53]} 8. exd5 {[%clk 0:03:00]} exd5 {[%clk 0:02:54]} 9. Ba2
{[%clk 0:03:00]} Bg4 {[%clk 0:02:52]} 10. f3 {[%clk 0:02:58]} Be6
{[%clk 0:02:52]} 11. Nxd4 {[%clk 0:02:47]} cxd4 {[%clk 0:02:52]} 12. Ne2
{[%clk 0:02:47]} Bc5 {[%clk 0:02:31]} 13. d3 {[%clk 0:02:48]} h6 {[%clk 0:02:17]}
14. Bd2 {[%clk 0:02:40]} O-O {[%clk 0:02:14]} 15. b4 {[%clk 0:02:40]} Ba7
{[%clk 0:02:14]} 16. a5 {[%clk 0:02:38]} Nd7 {[%clk 0:02:12]} 17. f4
{[%clk 0:02:29]} Bg4 {[%clk 0:01:50]} 18. Bxd5 {[%clk 0:02:21]} Re8
{[%clk 0:01:49]} 19. Rf2 {[%clk 0:02:05]} Qe7 {[%clk 0:01:42]} 20. Kf1
{[%clk 0:02:00]} Nf6 {[%clk 0:01:41]} 21. Bb3 {[%clk 0:01:49]} Qd7
{[%clk 0:01:26]} 22. Ba4 {[%clk 0:01:38]} Qe6 {[%clk 0:01:15]} 23. Qe1
{[%clk 0:01:25]} Re7 {[%clk 0:01:07]} 24. Ng3 {[%clk 0:01:13]} Qd6
{[%clk 0:01:03]} 25. Qc1 {[%clk 0:01:13]} Nd5 {[%clk 0:00:56]} 26. Ne4
{[%clk 0:01:13]} Rxe4 {[%clk 0:00:38]} 27. dxe4 {[%clk 0:01:13]} Ne3+
{[%clk 0:00:39]} 28. Kg1 {[%clk 0:01:11]} Nc4 {[%clk 0:00:35]} 29. Kh1
{[%clk 0:01:04]} d3 {[%clk 0:00:27]} 30. cxd3 {[%clk 0:00:54]} Qxd3
{[%clk 0:00:28]} 31. Bc2 {[%clk 0:00:47]} Qd4 {[%clk 0:00:26]} 32. Be1
{[%clk 0:00:47]} Rc8 {[%clk 0:00:23]} 33. h3 {[%clk 0:00:45]} Bd7
{[%clk 0:00:16]} 34. Qd1 {[%clk 0:00:44]} Ne3 {[%clk 0:00:15]} 35. Qxd4
{[%clk 0:00:42]} Bxd4 {[%clk 0:00:15]} 36. Rc1 {[%clk 0:00:39]} Bb2
{[%clk 0:00:13]} 37. Rb1 {[%clk 0:00:19]} Nxc2 {[%clk 0:00:06]} 38. Rxb2
{[%clk 0:00:19]} Nxe1 {[%clk 0:00:07]} 39. Rbd2 {[%clk 0:00:18]} Bb5
{[%clk 0:00:05]} 40. Rd4 {[%clk 0:00:19]} Rc1 {[%clk 0:00:05]} 41. Kh2
{[%clk 0:00:20]} Nd3 {[%clk 0:00:05]} 42. Rf3 {[%clk 0:00:21]} Ne1
{[%clk 0:00:05]} 43. Rf2 {[%clk 0:00:22]} Nd3 {[%clk 0:00:05]} 44. Rf3
{[%clk 0:00:23]} Ne1 {[%clk 0:00:06]} 45. Rf2 {[%clk 0:00:24]} 1/2-1/2

[Event "Blitz 2018"]
[Site "Saint-Petersburg"]
[Date "2018.12.29"]
[Round "5"]
[Board "53"]
[White "Apryshko Gleb (RUS)"]
[Black "Sychev Klementy (RUS)"]
[Result "0-1"]
[LiveChessVersion "1.4.8"]
[BlackElo "2594"]
[WhiteElo "2416"]

1. e4 {[%clk 0:03:03]} e5 {[%clk 0:03:04]} 2. Nf3 {[%clk 0:03:04]} Nc6
{[%clk 0:03:05]} 3. Nc3 {[%clk 0:03:05]} Nf6 4. a3 d5 5. Bb5 d4 {[%clk 0:02:58]}
6. Ne2 {[%clk 0:03:10]} Bd6 {[%clk 0:02:57]} 7. d3 {[%clk 0:03:07]} O-O
{[%clk 0:02:45]} 8. O-O {[%clk 0:03:09]} Ne7 {[%clk 0:02:39]} 9. Nexd4
{[%clk 0:03:10]} exd4 10. e5 Bxe5 {[%clk 0:02:38]} 11. Nxe5 {[%clk 0:03:12]} Qd5
{[%clk 0:02:40]} 0-1

[Event "Blitz 2018"]
[Site "Saint-Petersburg"]
[Date "2018.12.29"]
[Round "5"]
[Board "54"]
[White "Yakubboev Nodirbek (UZB)"]
[Black "Hovhannisyan Robert (ARM)"]
[Result "0-1"]
[LiveChessVersion "1.4.8"]
[BlackElo "2588"]
[WhiteElo "2388"]

1. e4 {[%clk 0:03:02]} e5 {[%clk 0:03:04]} 2. Bc4 {[%clk 0:03:01]} Nf6
{[%clk 0:03:02]} 3. d3 {[%clk 0:03:01]} Nc6 {[%clk 0:03:03]} 4. Nc3
{[%clk 0:02:53]} Na5 {[%clk 0:03:04]} 5. a3 {[%clk 0:02:27]} Nxc4
{[%clk 0:03:02]} 6. dxc4 {[%clk 0:02:28]} Bc5 {[%clk 0:02:49]} 7. Bg5
{[%clk 0:01:54]} h6 {[%clk 0:02:47]} 8. Bh4 {[%clk 0:01:51]} d6 {[%clk 0:02:47]}
9. f3 {[%clk 0:01:30]} Be6 {[%clk 0:02:46]} 10. Qd3 {[%clk 0:01:23]} g5
{[%clk 0:02:39]} 11. Bg3 {[%clk 0:01:15]} Nh5 {[%clk 0:02:38]} 12. O-O-O
{[%clk 0:01:00]} Nf4 {[%clk 0:02:24]} 13. Bxf4 {[%clk 0:01:01]} gxf4
{[%clk 0:02:25]} 14. Nge2 {[%clk 0:01:01]} Qg5 {[%clk 0:02:24]} 15. Nd5
{[%clk 0:00:32]} Bxd5 {[%clk 0:02:04]} 16. cxd5 {[%clk 0:00:29]} Qxg2
{[%clk 0:01:53]} 17. Qb5+ {[%clk 0:00:22]} Ke7 {[%clk 0:01:53]} 18. Nc3
{[%clk 0:00:17]} Bb6 {[%clk 0:01:42]} 19. Rdf1 {[%clk 0:00:14]} Rhg8
{[%clk 0:01:36]} 20. Qc4 {[%clk 0:00:11]} Qh3 {[%clk 0:01:31]} 21. Kb1
{[%clk 0:00:09]} Rg2 {[%clk 0:01:30]} 22. Na4 {[%clk 0:00:07]} Qd7
{[%clk 0:01:22]} 23. h4 {[%clk 0:00:05]} Rag8 {[%clk 0:01:20]} 24. Nc3
{[%clk 0:00:05]} a6 {[%clk 0:01:18]} 25. Na2 {[%clk 0:00:04]} Bc5
{[%clk 0:01:18]} 26. a4 {[%clk 0:00:05]} b5 {[%clk 0:01:18]} 27. axb5
{[%clk 0:00:06]} axb5 {[%clk 0:01:16]} 28. Qd3 {[%clk 0:00:04]} b4
{[%clk 0:01:16]} 29. Qa6 {[%clk 0:00:04]} Qc8 {[%clk 0:01:12]} 30. Qc6
{[%clk 0:00:04]} Qd7 {[%clk 0:01:11]} 31. Qb7 {[%clk 0:00:05]} Kf6
{[%clk 0:01:04]} 32. Nxb4 {[%clk 0:00:05]} Qa4 {[%clk 0:01:04]} 33. c3
{[%clk 0:00:03]} Bxb4 {[%clk 0:01:04]} 34. Qxb4 {[%clk 0:00:04]} Qc2+
{[%clk 0:01:04]} 0-1